000 00635nam a2200229Ia 4500
003 OSt
005 20230509163216.0
008 210423s2003 xx 000 0 und d
020 _a978-81-261-1557-2
040 _cAL
041 _aeng
082 _a820.954 GUPI
100 _aGUPTA (G S Balarama)
_9101645
245 _aIndian English literature: some forays
260 _aNew Delhi
_bAnmol Publications
_c2003
300 _axii,166p
_bHB
365 _b450
_cINR
650 _aEnglish Criticism
_9101646
650 _aEnglish Literature
_9101647
906 _aenglish ; forays ; Indian ; literature: ; some
942 _2ddc
_cBK
999 _c165744
_d165744